00547nam a2200169Ia 4500003000900000008004100009040001600050080002800066110003300094245011000127260005000237300000900287500001900296650002300315650001800338650002100356IN-BaIIA211028s9999 xx 000 0 eng d cIIA Library a083.7:669.71.891.5bISI aIndian Standards Institution 0aIndian standard recommended practice for anodizing aluminium and its alloyscIndian Standards Institution aNew DelhibIndian Standards Institutionc1974 a17p. aIS 7088 : 1973 a Aluminium Alloys a Standards  aNASA Thesaurus